000 01115nam a22002657a 4500
001 BD-DhSAU
003 BD-DhSAU
005 20240328122254.0
008 150420b2005 bg ||||| m||| 00| 0 eng d
040 _aBD-DhSAU
082 _222
_a630
_bSi132
100 _aSIDDIKA, AYESHA
_eRegistration No. # 16-07028
245 _aEnhancement of salt tolerance in rice through plant growth-promoting rhizobacteria /
_bMS thesis
260 _aSher-e-Bangla Agricultural Uniersity :
_bDepartment of Agronomy;
_c2022.
300 _axxi, 74 p. ;
_c30 cm.
500 _aMS thesis of Department of Agricultural Extension and Information System, Faculty of Agriculture, Sher-e-Bangla Agricultural University, Dhaka, Bangladesh
504 _aIncludes bibliographical reference.
590 _aNazmul
650 _asalt tolerance in rice
651 _aplant growth-promoting rhizobacteria
700 _aProf. Dr. Mirza Hasanuzzaman
_eSuperviser
700 _aProf. Dr. Anisur Rahman
_eCo-superviser
856 _uhttp://archive.saulibrary.edu.bd:8080/xmlui/handle/123456789/5154
942 _2ddc
_cTHESIS
999 _c17497
_d17496